| 000 | 00441nam a2200169Ia 4500 | ||
|---|---|---|---|
| 008 | 100122s9999 xx 000 0 und d | ||
| 082 |
_b30299 _a181.45 |
||
| 100 | _aAUROBINDO | ||
| 245 | _aA PRACTICAL GUIDE TO INTOGRAL YOGA | ||
| 260 |
_bAUROBINDO ASHRAM _c1973 |
||
| 300 | _a337 | ||
| 520 | _aYOGA | ||
| 620 | _aYOGA | ||
| 630 | _aA PRACTICAL GUIDE TO INTOGRAL YOGA | ||
| 730 | _aA PRACTICAL GUIDE TO INTOGRAL YOGA | ||
| 942 | _cBOOK | ||
| 999 |
_c369634 _d369631 |
||